Prosopographia asceticarum aegyptiarum /

محفوظ في:

المؤلف الرئيسي: Albarrán Martínez, María Jesús (مؤلف)

التنسيق: كتاب

اللغة: Spanish

منشور في: Madrid : Consejo Superior de Investigaciones Cientificas, 2010.

سلاسل: Coleccion Ductus ; 1.

الموضوعات:

الوسوم: إضافة وسم

لا توجد وسوم, كن أول من يضع وسما على هذه التسجيلة!

رقم الطلب: BV5023 .A53 2010

LEADER 01192namaa2200301 4500
001 23406
003 OSt
005 20211101054216.0
008 130303s2010 sp b g b 000 0cspa d
952 |0 0  |1 0  |2 lcc  |4 0  |6 BV5023 A53 02010  |7 1  |9 21916  |a ARCE  |b ARCE  |d 2021-11-01  |l 0  |o BV5023 .A53 2010  |p 1012274  |r 2021-11-01 00:00:00  |w 2021-11-01  |y BK 
999 |c 20551  |d 20551 
020 |a 9788400092580 
040 |c ARCE Library 
043 |a f-ua--- 
050 4 |a BV5023 .A53 2010 
100 1 |a Albarrán Martínez, María Jesús,  |e author  |9 25030 
245 1 0 |a Prosopographia asceticarum aegyptiarum /  |c María Jesús Albarrán Martínez. 
264 1 |a Madrid :  |b Consejo Superior de Investigaciones Cientificas,  |c 2010. 
300 |a 204 pages :  |b maps ;  |c 24 cm. 
490 1 |a Coleccion Ductus ;   |v 1. 
504 |a Includes bibliographical references (pages [187]-196). 
546 |a Text in Spanish. 
555 |a https://catalog.loc.gov/vwebv/staffView?searchId=22418&recPointer=0&recCount=25&searchType=0&bibId=16672862 
650 0 |a Asceticism  |x History  |y Early church, ca. 30-600. 
650 0 |a Women ascetics  |z Egypt  |v Biography. 
830 0 |a Coleccion Ductus ;   |v 1. 
901 |a reviewed 
942 |c BK  |2 lcc